Jak dobrze znasz piosenkę "Za tobą pójdę jak na bal" Krawczyka? - Statystyki

Ogólne statystyki
  • Ten quiz został rozwiązany 59 razy
  • Średni wynik to 14 z 20
Statystyki odpowiedzi
Tekst Brakujące słowo % Poprawnych
Nikt mnie nie ..., nie zatrzyma mnie zatrzyma
98%
Zapomnieć, ze zbyt szybko mija ... czas
96%
Bo z Tobą można ... kraść konie
96%
Niczego mi nie będzie ..., pójdę tak jak dym żal
96%
Tylko powiedz, że to ... Ty właśnie
92%
Świat z przymrużeniem ... brać oka
91%
Zrozumiemy się bez ... słów
85%
Za Tobą pójdę jak na bal, nie ... się obejrzę
83%
Gdy trzeba i nie trzeba w głos się ... śmiać
83%
Ty jedna umiesz w ... grać życie
83%
Do rana ..., we dnie spać tańczyć
81%
Bo Ty pogody masz za ... dwóch
72%
Ty umiesz zawsze wyjść na ... plus
64%
I na ... wszystkim zmieniać nagle zdanie przekór
57%
Śmiać się z życia, póki ... trwa
55%
I jak nikt na świecie mieć na wszystko ... sposób
51%
Gdy mi się uda Ciebie znaleźć ... już
43%
Bez ... wierzyć, że się zdarzy cud końca
26%
Przy Tobie ... się ze snu zbudzę
26%
I w ... znaleźć szczęścia łut biedzie
19%
Nie znaleziono quizów pasujących do podanych kryteriów
Rozkład punktacji
Procent ludzi z każdym wynikiem
Percentyl według liczby udzielonych odpowiedzi
Twoja historia wyników
Nie rozwiązałeś tego quizu